[Event "Turniej Blitza na II Lidze Juniorów 2018"]
[Site "Szczyrk, Poland"]
[Date "????.??.??"]
[Round "4.16"]
[White "Grzesik, Gracjan"]
[Black "Krzyzosiak, Marta"]
[Result "1-0"]
[TimeControl "3'+2\""]
[WhiteElo "1832"]
[BlackElo "1461"]

1. e4 {[%clk 00:03:02]} {[%emt 00:00:02]} e5 {[%clk 00:03:02]} {[%emt
00:00:02]} 2. Nf3 {[%clk 00:03:03]} {[%emt 00:00:02]} Nc6 {[%clk 00:03:02]} 3.
d4 {[%clk 00:03:04]} {[%emt 00:00:02]} exd4 {[%clk 00:03:02]} {[%emt 00:00:01]}
4. Nxd4 {[%clk 00:03:05]} {[%emt 00:00:02]} Bc5 {[%clk 00:03:02]} 5. Nb3 {[%clk
00:03:06]} {[%emt 00:00:01]} Bb6 {[%clk 00:03:02]} {[%emt 00:00:02]} 6. Nc3
{[%clk 00:03:07]} {[%emt 00:00:02]} Qf6 {[%clk 00:02:58]} {[%emt 00:00:05]} 7.
Qe2 {[%clk 00:03:05]} {[%emt 00:00:05]} Nge7 {[%clk 00:02:52]} {[%emt
00:00:08]} 8. Be3 {[%clk 00:03:05]} {[%emt 00:00:02]} Bxe3 {[%clk 00:02:50]}
{[%emt 00:00:04]} 9. Qxe3 {[%clk 00:03:06]} d6 {[%clk 00:02:50]} {[%emt
00:00:02]} 10. f3 {[%clk 00:03:07]} O-O {[%clk 00:02:49]} {[%emt 00:00:03]} 11.
O-O-O {[%clk 00:03:07]} {[%emt 00:00:02]} Ng6 {[%clk 00:02:47]} {[%emt
00:00:04]} 12. Nd5 {[%clk 00:03:04]} {[%emt 00:00:05]} Qd8 {[%clk 00:02:45]}
{[%emt 00:00:04]} 13. h4 {[%clk 00:02:46]} {[%emt 00:00:20]} Nxh4 {[%clk
00:02:18]} {[%emt 00:00:29]} 14. Nxc7 {[%clk 00:01:55]} {[%emt 00:00:53]} Qxc7
{[%clk 00:02:15]} {[%emt 00:00:05]} 15. Rxh4 {[%clk 00:01:56]} {[%emt
00:00:01]} Be6 {[%clk 00:02:04]} {[%emt 00:00:12]} 16. Be2 {[%clk 00:01:05]}
{[%emt 00:00:54]} Nb4 {[%clk 00:01:55]} {[%emt 00:00:10]} 17. Bd3 {[%clk
00:00:39]} {[%emt 00:00:29]} Nxa2+ {[%clk 00:01:51]} {[%emt 00:00:05]} 18. Kb1
{[%clk 00:00:38]} {[%emt 00:00:03]} Nb4 {[%clk 00:01:30]} {[%emt 00:00:23]} 19.
Rdh1 {[%clk 00:00:33]} {[%emt 00:00:07]} f6 {[%clk 00:01:11]} {[%emt 00:00:22]}
20. Rxh7 {[%clk 00:00:31]} {[%emt 00:00:04]} Kf7 {[%clk 00:01:11]} {[%emt
00:00:02]} 21. Qh6 {[%clk 00:00:15]} {[%emt 00:00:17]} Rg8 {[%clk 00:01:12]}
{[%emt 00:00:02]} 22. Qh5+ {[%clk 00:00:14]} {[%emt 00:00:02]} Kf8 {[%clk
00:01:11]} {[%emt 00:00:03]} 23. Nd4 {[%clk 00:00:10]} {[%emt 00:00:07]} Bf7
{[%clk 00:01:04]} {[%emt 00:00:09]} 24. Qb5 {[%clk 00:00:07]} {[%emt 00:00:05]}
Nxd3 {[%clk 00:00:58]} {[%emt 00:00:08]} 25. cxd3 {[%clk 00:00:06]} {[%emt
00:00:03]} Rc8 {[%clk 00:00:54]} {[%emt 00:00:05]} 26. Rh8 {[%clk 00:00:05]}
{[%emt 00:00:04]} Qc5 {[%clk 00:00:26]} {[%emt 00:00:30]} 27. Rxg8+ {[%clk
00:00:05]} {[%emt 00:00:02]} Bxg8 {[%clk 00:00:25]} {[%emt 00:00:02]} 28. Qxc5
{[%clk 00:00:04]} {[%emt 00:00:04]} Rxc5 {[%clk 00:00:23]} {[%emt 00:00:04]} 29.
Rh8 {[%clk 00:00:05]} {[%emt 00:00:01]} Kf7 {[%clk 00:00:22]} {[%emt 00:00:03]}
30. Nf5 {[%clk 00:00:06]} {[%emt 00:00:01]} Rc8 {[%clk 00:00:21]} {[%emt
00:00:02]} 31. Nxd6+ {[%clk 00:00:07]} {[%emt 00:00:02]} Kf8 {[%clk 00:00:16]}
{[%emt 00:00:06]} 32. Nxc8 {[%clk 00:00:08]} {[%emt 00:00:01]} Kf7 {[%clk
00:00:16]} {[%emt 00:00:02]} 33. Nd6+ {[%clk 00:00:09]} {[%emt 00:00:01]} 1-0

[Event "Turniej Blitza na II Lidze Juniorów 2018"]
[Site "Szczyrk, Poland"]
[Date "????.??.??"]
[Round "4.47"]
[White "Jedrzejewska, Zuzanna"]
[Black "Sadzikowski, Marian"]
[Result "1/2-1/2"]
[TimeControl "3'+2\""]
[WhiteElo "1194"]
[BlackElo "1706"]

1. e4 {[%clk 00:03:02]} {[%emt 00:00:02]} c5 {[%clk 00:03:02]} {[%emt
00:00:02]} 2. Nf3 {[%clk 00:03:03]} {[%emt 00:00:01]} e6 {[%clk 00:03:03]}
{[%emt 00:00:02]} 3. d4 {[%clk 00:03:04]} {[%emt 00:00:01]} cxd4 {[%clk
00:03:04]} {[%emt 00:00:01]} 4. Nxd4 {[%clk 00:03:05]} a6 {[%clk 00:03:05]}
{[%emt 00:00:01]} 5. c4 {[%clk 00:03:05]} {[%emt 00:00:01]} Qc7 {[%clk
00:03:06]} {[%emt 00:00:02]} 6. Nc3 {[%clk 00:03:04]} {[%emt 00:00:03]} Bc5
{[%clk 00:03:05]} {[%emt 00:00:03]} 7. Be3 {[%clk 00:03:02]} {[%emt 00:00:03]}
Ba7 {[%clk 00:03:05]} {[%emt 00:00:02]} 8. Be2 {[%clk 00:03:00]} {[%emt
00:00:04]} Nc6 {[%clk 00:03:06]} {[%emt 00:00:01]} 9. Nxc6 {[%clk 00:03:00]}
{[%emt 00:00:03]} bxc6 {[%clk 00:03:05]} {[%emt 00:00:03]} 10. O-O {[%clk
00:02:58]} {[%emt 00:00:04]} Bxe3 {[%clk 00:03:02]} {[%emt 00:00:05]} 11. fxe3
{[%clk 00:02:59]} Ne7 {[%clk 00:02:58]} {[%emt 00:00:06]} 12. Bh5 {[%clk
00:02:55]} {[%emt 00:00:06]} g6 {[%clk 00:02:57]} {[%emt 00:00:03]} 13. Bf3
{[%clk 00:02:53]} {[%emt 00:00:03]} c5 {[%clk 00:02:46]} {[%emt 00:00:14]} 14.
e5 {[%clk 00:02:54]} Bb7 {[%clk 00:02:46]} {[%emt 00:00:02]} 15. b3 {[%clk
00:02:46]} {[%emt 00:00:10]} Bxf3 {[%clk 00:02:44]} {[%emt 00:00:04]} 16. Qxf3
{[%clk 00:02:46]} {[%emt 00:00:01]} O-O {[%clk 00:02:40]} {[%emt 00:00:06]} 17.
Ne4 {[%clk 00:02:43]} {[%emt 00:00:05]} Nf5 {[%clk 00:02:18]} {[%emt 00:00:25]}
18. Nf6+ {[%clk 00:02:41]} {[%emt 00:00:04]} Kg7 {[%clk 00:02:14]} {[%emt
00:00:06]} 19. Qh3 {[%clk 00:02:39]} {[%emt 00:00:03]} h6 {[%clk 00:02:09]}
{[%emt 00:00:07]} 20. g4 {[%clk 00:02:21]} {[%emt 00:00:20]} Qxe5 {[%clk
00:01:56]} {[%emt 00:00:15]} 21. gxf5 {[%clk 00:02:15]} {[%emt 00:00:08]} Qxf6
{[%clk 00:01:55]} {[%emt 00:00:04]} 22. fxe6 {[%clk 00:02:15]} {[%emt
00:00:02]} Qg5+ {[%clk 00:01:52]} {[%emt 00:00:05]} 23. Qg3 {[%clk 00:02:10]}
{[%emt 00:00:06]} Qxg3+ {[%clk 00:01:41]} {[%emt 00:00:13]} 24. hxg3 {[%clk
00:02:11]} {[%emt 00:00:02]} fxe6 {[%clk 00:01:42]} {[%emt 00:00:01]} 25. Kg2
{[%clk 00:02:01]} {[%emt 00:00:12]} Rf5 {[%clk 00:01:40]} {[%emt 00:00:03]} 26.
Rxf5 {[%clk 00:02:01]} {[%emt 00:00:03]} gxf5 {[%clk 00:01:38]} {[%emt
00:00:04]} 27. Rd1 {[%clk 00:02:01]} {[%emt 00:00:01]} Rd8 {[%clk 00:01:34]}
{[%emt 00:00:06]} 28. Rd6 {[%clk 00:02:02]} {[%emt 00:00:01]} a5 {[%clk
00:01:31]} {[%emt 00:00:06]} 29. Ra6 {[%clk 00:02:00]} {[%emt 00:00:04]} Kf6
{[%clk 00:01:22]} {[%emt 00:00:11]} 30. Rxa5 {[%clk 00:02:00]} {[%emt
00:00:02]} d6 {[%clk 00:01:17]} {[%emt 00:00:06]} 31. a3 {[%clk 00:01:56]}
{[%emt 00:00:07]} Rb8 {[%clk 00:01:13]} {[%emt 00:00:05]} 32. Rb5 {[%clk
00:01:45]} {[%emt 00:00:14]} Ra8 {[%clk 00:01:10]} {[%emt 00:00:05]} 33. a4
{[%clk 00:01:46]} Ke5 {[%clk 00:01:10]} {[%emt 00:00:02]} 34. a5 {[%clk
00:01:40]} {[%emt 00:00:08]} Ra6 {[%clk 00:01:07]} {[%emt 00:00:05]} 35. Kf3
{[%clk 00:01:33]} {[%emt 00:00:09]} h5 {[%clk 00:01:03]} {[%emt 00:00:06]} 36.
b4 {[%clk 00:01:33]} {[%emt 00:00:02]} Rc6 {[%clk 00:00:51]} {[%emt 00:00:14]}
37. bxc5 {[%clk 00:01:28]} {[%emt 00:00:07]} dxc5 {[%clk 00:00:41]} {[%emt
00:00:12]} 38. Rb3 {[%clk 00:01:22]} {[%emt 00:00:08]} Kf6 {[%clk 00:00:35]}
{[%emt 00:00:08]} 39. Ra3 {[%clk 00:01:22]} {[%emt 00:00:02]} Ra6 {[%clk
00:00:34]} {[%emt 00:00:03]} 40. e4 {[%clk 00:01:13]} {[%emt 00:00:10]} e5
{[%clk 00:00:28]} {[%emt 00:00:08]} 41. exf5 Kxf5 {[%clk 00:00:29]} 42. Ra2
{[%clk 00:01:05]} {[%emt 00:00:07]} e4+ {[%clk 00:00:26]} {[%emt 00:00:06]} 43.
Ke3 {[%clk 00:01:05]} Ke5 {[%clk 00:00:27]} {[%emt 00:00:01]} 44. Rh2 {[%clk
00:01:03]} {[%emt 00:00:04]} Rxa5 {[%clk 00:00:18]} {[%emt 00:00:12]} 45. Rxh5+
{[%clk 00:01:04]} {[%emt 00:00:01]} Kd6 {[%clk 00:00:18]} {[%emt 00:00:02]} 46.
Kxe4 {[%clk 00:01:03]} {[%emt 00:00:03]} Ra3 {[%clk 00:00:18]} {[%emt
00:00:01]} 47. g4 {[%clk 00:00:59]} {[%emt 00:00:06]} Rg3 {[%clk 00:00:18]}
{[%emt 00:00:02]} 48. Rg5 {[%clk 00:00:58]} {[%emt 00:00:03]} Rc3 {[%clk
00:00:19]} {[%emt 00:00:02]} 49. Rd5+ {[%clk 00:00:57]} {[%emt 00:00:03]} Kc6
{[%clk 00:00:19]} {[%emt 00:00:02]} 50. Ke5 {[%clk 00:00:53]} {[%emt 00:00:06]}
Rxc4 {[%clk 00:00:19]} {[%emt 00:00:02]} 51. g5 {[%clk 00:00:52]} {[%emt
00:00:02]} Rg4 {[%clk 00:00:17]} {[%emt 00:00:04]} 52. Rd6+ {[%clk 00:00:53]}
{[%emt 00:00:02]} Kb5 {[%clk 00:00:17]} {[%emt 00:00:02]} 53. Rg6 {[%clk
00:00:48]} {[%emt 00:00:07]} c4 {[%clk 00:00:17]} {[%emt 00:00:02]} 54. Kf5
{[%clk 00:00:48]} {[%emt 00:00:02]} Rg2 {[%clk 00:00:14]} {[%emt 00:00:03]} 55.
Rg8 {[%clk 00:00:48]} {[%emt 00:00:03]} Kb4 {[%clk 00:00:16]} 56. Rc8 {[%clk
00:00:48]} {[%emt 00:00:01]} c3 {[%clk 00:00:14]} {[%emt 00:00:04]} 57. g6
{[%clk 00:00:47]} {[%emt 00:00:03]} Kb3 {[%clk 00:00:15]} {[%emt 00:00:01]} 58.
Kf6 {[%clk 00:00:48]} {[%emt 00:00:01]} Kb2 {[%clk 00:00:13]} {[%emt 00:00:05]}
59. g7 {[%clk 00:00:46]} {[%emt 00:00:03]} c2 {[%clk 00:00:12]} {[%emt
00:00:04]} 60. Kf7 {[%clk 00:00:38]} {[%emt 00:00:09]} Rf2+ {[%clk 00:00:11]}
{[%emt 00:00:03]} 61. Kg8 {[%clk 00:00:38]} {[%emt 00:00:02]} Rf3 {[%clk
00:00:09]} {[%emt 00:00:04]} 62. Kh7 {[%clk 00:00:35]} {[%emt 00:00:05]} Rh3+
{[%clk 00:00:11]} {[%emt 00:00:01]} 63. Kg6 {[%clk 00:00:36]} Rg3+ {[%clk
00:00:11]} {[%emt 00:00:02]} 64. Kf7 {[%clk 00:00:37]} {[%emt 00:00:01]} Rf3+
{[%clk 00:00:12]} {[%emt 00:00:01]} 65. Kg8 {[%clk 00:00:34]} {[%emt 00:00:04]}
Rc3 {[%clk 00:00:14]} 66. Rxc3 {[%clk 00:00:26]} {[%emt 00:00:10]} Kxc3 {[%clk
00:00:15]} {[%emt 00:00:01]} 67. Kf8 {[%clk 00:00:26]} {[%emt 00:00:02]} c1=Q
{[%clk 00:00:15]} {[%emt 00:00:01]} 68. g8=Q {[%clk 00:00:25]} {[%emt
00:00:03]} Qf4+ {[%clk 00:00:15]} {[%emt 00:00:03]} 69. Qf7 {[%clk 00:00:25]}
1/2-1/2

[Event "Turniej Blitza na II Lidze Juniorów 2018"]
[Site "Szczyrk, Poland"]
[Date "????.??.??"]
[Round "4.3"]
[White "Szadkowski, Kamil"]
[Black "Dytman, Radoslaw"]
[Result "1-0"]
[TimeControl "3'+2\""]
[WhiteTitle "FM"]
[WhiteElo "2209"]
[BlackElo "1841"]

1. c4 {[%clk 00:03:03]} c5 {[%clk 00:03:03]} {[%emt 00:00:01]} 2. g3 {[%clk
00:03:04]} {[%emt 00:00:01]} Nc6 {[%clk 00:03:04]} {[%emt 00:00:01]} 3. Bg2
{[%clk 00:03:04]} {[%emt 00:00:01]} d6 {[%clk 00:03:05]} {[%emt 00:00:01]} 4.
e3 {[%clk 00:03:03]} {[%emt 00:00:03]} e5 {[%clk 00:03:06]} {[%emt 00:00:02]} 5.
Ne2 {[%clk 00:03:03]} f5 {[%clk 00:03:07]} {[%emt 00:00:01]} 6. O-O {[%clk
00:03:03]} {[%emt 00:00:02]} Nf6 {[%clk 00:03:08]} {[%emt 00:00:01]} 7. d4
{[%clk 00:03:01]} {[%emt 00:00:04]} cxd4 {[%clk 00:03:02]} {[%emt 00:00:08]} 8.
exd4 {[%clk 00:03:02]} {[%emt 00:00:02]} e4 {[%clk 00:02:38]} {[%emt 00:00:25]}
9. Nbc3 {[%clk 00:02:57]} {[%emt 00:00:08]} Be7 {[%clk 00:02:37]} {[%emt
00:00:03]} 10. f3 {[%clk 00:02:22]} {[%emt 00:00:36]} exf3 {[%clk 00:02:29]}
{[%emt 00:00:11]} 11. Bxf3 {[%clk 00:02:22]} O-O {[%clk 00:02:26]} {[%emt
00:00:05]} 12. Kh1 {[%clk 00:02:21]} {[%emt 00:00:03]} Bd7 {[%clk 00:01:45]}
{[%emt 00:00:44]} 13. Nf4 {[%clk 00:02:20]} {[%emt 00:00:01]} Qe8 {[%clk
00:01:40]} {[%emt 00:00:08]} 14. Re1 {[%clk 00:01:53]} {[%emt 00:00:29]} Qf7
{[%clk 00:01:27]} {[%emt 00:00:15]} 15. Ncd5 {[%clk 00:01:54]} {[%emt
00:00:01]} Rae8 {[%clk 00:01:16]} {[%emt 00:00:14]} 16. Nc7 {[%clk 00:01:30]}
{[%emt 00:00:25]} Rc8 {[%clk 00:01:08]} {[%emt 00:00:10]} 17. Nce6 {[%clk
00:01:31]} {[%emt 00:00:02]} Bxe6 {[%clk 00:00:44]} {[%emt 00:00:26]} 18. Nxe6
{[%clk 00:01:31]} {[%emt 00:00:02]} Rfe8 {[%clk 00:00:44]} {[%emt 00:00:01]} 19.
Bf4 {[%clk 00:01:10]} {[%emt 00:00:22]} h6 {[%clk 00:00:26]} {[%emt 00:00:21]}
20. Qd3 {[%clk 00:00:58]} {[%emt 00:00:14]} Nh5 {[%clk 00:00:13]} {[%emt
00:00:15]} 21. Bd2 {[%clk 00:00:49]} {[%emt 00:00:11]} Bf6 {[%clk 00:00:11]}
{[%emt 00:00:05]} 22. Bd5 {[%clk 00:00:46]} {[%emt 00:00:05]} Kh8 {[%clk
00:00:05]} {[%emt 00:00:08]} 23. Bc3 {[%clk 00:00:33]} {[%emt 00:00:15]} Qd7
{[%clk 00:00:04]} {[%emt 00:00:03]} 24. Qxf5 {[%clk 00:00:30]} {[%emt
00:00:04]} Nxg3+ {[%clk 00:00:03]} {[%emt 00:00:04]} 25. hxg3 {[%clk 00:00:30]}
{[%emt 00:00:01]} 1-0

[Event "Turniej Blitza na II Lidze Juniorów 2018"]
[Site "Szczyrk, Poland"]
[Date "????.??.??"]
[Round "4.21"]
[White "Gazda, Dominik"]
[Black "Partyka, Pawel"]
[Result "1-0"]
[TimeControl "3'+2\""]
[WhiteElo "1400"]
[BlackElo "1772"]

1. e4 {[%clk 00:03:03]} Nf6 {[%clk 00:03:04]} {[%emt 00:00:01]} 2. d3 {[%clk
00:03:01]} {[%emt 00:00:03]} d5 {[%clk 00:03:04]} {[%emt 00:00:02]} 3. Nd2
{[%clk 00:02:57]} {[%emt 00:00:05]} e5 {[%clk 00:02:55]} {[%emt 00:00:11]} 4.
g3 {[%clk 00:02:57]} {[%emt 00:00:03]} d4 {[%clk 00:02:50]} {[%emt 00:00:08]} 5.
Bg2 {[%clk 00:02:57]} c5 {[%clk 00:02:49]} {[%emt 00:00:03]} 6. f4 {[%clk
00:02:47]} {[%emt 00:00:12]} Nc6 {[%clk 00:02:46]} {[%emt 00:00:05]} 7. f5
{[%clk 00:02:46]} {[%emt 00:00:04]} g6 {[%clk 00:02:40]} {[%emt 00:00:07]} 8.
fxg6 {[%clk 00:02:46]} {[%emt 00:00:01]} hxg6 {[%clk 00:02:40]} {[%emt
00:00:03]} 9. Ngf3 {[%clk 00:02:47]} {[%emt 00:00:01]} Bh3 {[%clk 00:02:34]}
{[%emt 00:00:08]} 10. Bxh3 {[%clk 00:02:41]} {[%emt 00:00:08]} Rxh3 {[%clk
00:02:34]} {[%emt 00:00:02]} 11. Nc4 {[%clk 00:02:40]} {[%emt 00:00:02]} Qc7
{[%clk 00:02:14]} {[%emt 00:00:23]} 12. Bg5 {[%clk 00:02:37]} {[%emt 00:00:03]}
Be7 {[%clk 00:02:12]} {[%emt 00:00:05]} 13. a4 {[%clk 00:02:24]} {[%emt
00:00:15]} O-O-O {[%clk 00:01:54]} {[%emt 00:00:20]} 14. Qd2 {[%clk 00:02:20]}
{[%emt 00:00:06]} Rdh8 {[%clk 00:01:44]} {[%emt 00:00:12]} 15. Nh4 {[%clk
00:02:20]} {[%emt 00:00:02]} Nh5 {[%clk 00:01:13]} {[%emt 00:00:34]} 16. Bxe7
{[%clk 00:01:56]} {[%emt 00:00:26]} Qxe7 {[%clk 00:01:13]} {[%emt 00:00:02]} 17.
O-O-O {[%clk 00:01:39]} {[%emt 00:00:19]} g5 {[%clk 00:01:03]} {[%emt
00:00:11]} 18. Nf5 {[%clk 00:01:40]} {[%emt 00:00:02]} Qd7 {[%clk 00:00:56]}
{[%emt 00:00:09]} 19. Rdf1 {[%clk 00:01:18]} {[%emt 00:00:24]} f6 {[%clk
00:00:51]} {[%emt 00:00:06]} 20. Rf2 {[%clk 00:01:18]} {[%emt 00:00:02]} Ng7
{[%clk 00:00:51]} {[%emt 00:00:03]} 21. Nxg7 {[%clk 00:01:08]} {[%emt
00:00:12]} Qxg7 {[%clk 00:00:52]} {[%emt 00:00:01]} 22. Nd6+ {[%clk 00:01:09]}
{[%emt 00:00:01]} Kc7 {[%clk 00:00:46]} {[%emt 00:00:08]} 23. Nf5 {[%clk
00:01:10]} Qd7 {[%clk 00:00:46]} {[%emt 00:00:01]} 24. Rhf1 {[%clk 00:01:10]}
{[%emt 00:00:02]} Nb4 {[%clk 00:00:46]} {[%emt 00:00:03]} 25. b3 {[%clk
00:01:06]} {[%emt 00:00:05]} Na2+ {[%clk 00:00:46]} {[%emt 00:00:02]} 26. Kb2
{[%clk 00:01:07]} {[%emt 00:00:02]} Nc3 {[%clk 00:00:47]} {[%emt 00:00:01]} 27.
g4 {[%clk 00:00:37]} {[%emt 00:00:32]} b5 {[%clk 00:00:47]} {[%emt 00:00:02]}
28. axb5 {[%clk 00:00:37]} {[%emt 00:00:02]} Qxb5 {[%clk 00:00:46]} {[%emt
00:00:03]} 29. Ng3 {[%clk 00:00:33]} {[%emt 00:00:05]} Qa5 {[%clk 00:00:42]}
{[%emt 00:00:06]} 30. Ra1 {[%clk 00:00:33]} {[%emt 00:00:03]} Qb6 {[%clk
00:00:36]} {[%emt 00:00:09]} 31. Raf1 {[%clk 00:00:19]} {[%emt 00:00:15]} a5
{[%clk 00:00:34]} {[%emt 00:00:04]} 32. Rxf6 {[%clk 00:00:20]} {[%emt
00:00:02]} Qb4 {[%clk 00:00:29]} {[%emt 00:00:06]} 33. Rf7+ {[%clk 00:00:20]}
{[%emt 00:00:02]} Kd8 {[%clk 00:00:28]} {[%emt 00:00:02]} 34. Qxg5+ {[%clk
00:00:20]} {[%emt 00:00:03]} Kc8 {[%clk 00:00:27]} {[%emt 00:00:03]} 35. Rf8+
{[%clk 00:00:21]} {[%emt 00:00:01]} Rxf8 {[%clk 00:00:20]} {[%emt 00:00:08]} 36.
Rxf8+ {[%clk 00:00:22]} {[%emt 00:00:01]} Kd7 {[%clk 00:00:21]} {[%emt
00:00:02]} 37. Qg7+ {[%clk 00:00:22]} {[%emt 00:00:01]} Kc6 {[%clk 00:00:19]}
{[%emt 00:00:05]} 38. Rf6+ {[%clk 00:00:21]} {[%emt 00:00:03]} Kb5 {[%clk
00:00:15]} {[%emt 00:00:06]} 39. Qb7# 1-0

[Event "Turniej Blitza na II Lidze Juniorów 2018"]
[Site "Szczyrk, Poland"]
[Date "????.??.??"]
[Round "4.11"]
[White "Kukula, Karol"]
[Black "Janocha, Wieslaw"]
[Result "0-1"]
[TimeControl "3'+2\""]
[BlackTitle "FM"]
[WhiteElo "1478"]
[BlackElo "2197"]

1. e4 {[%clk 00:03:03]} e5 {[%clk 00:03:00]} {[%emt 00:00:04]} 2. Nf3 {[%clk
00:03:04]} {[%emt 00:00:02]} Nc6 {[%clk 00:03:01]} {[%emt 00:00:01]} 3. Nc3
{[%clk 00:03:05]} {[%emt 00:00:01]} Nf6 {[%clk 00:02:59]} {[%emt 00:00:04]} 4.
Bb5 {[%clk 00:03:05]} {[%emt 00:00:03]} Bb4 {[%clk 00:02:56]} {[%emt 00:00:04]}
5. O-O {[%clk 00:03:05]} {[%emt 00:00:02]} O-O {[%clk 00:02:55]} {[%emt
00:00:03]} 6. d3 {[%clk 00:03:06]} Bxc3 {[%clk 00:02:41]} {[%emt 00:00:16]} 7.
bxc3 {[%clk 00:03:07]} Qe7 {[%clk 00:02:42]} 8. Re1 {[%clk 00:02:56]} {[%emt
00:00:13]} d6 {[%clk 00:02:38]} {[%emt 00:00:06]} 9. d4 {[%clk 00:02:50]}
{[%emt 00:00:07]} Nd8 {[%clk 00:02:21]} {[%emt 00:00:20]} 10. Bd3 {[%clk
00:02:19]} {[%emt 00:00:34]} c5 {[%clk 00:02:15]} {[%emt 00:00:07]} 11. dxe5
{[%clk 00:02:07]} {[%emt 00:00:13]} dxe5 {[%clk 00:02:15]} {[%emt 00:00:02]} 12.
Bc4 {[%clk 00:02:09]} Bg4 {[%clk 00:02:04]} {[%emt 00:00:13]} 13. Bd5 {[%clk
00:02:07]} {[%emt 00:00:04]} Ne6 {[%clk 00:01:56]} {[%emt 00:00:10]} 14. h3
{[%clk 00:01:48]} {[%emt 00:00:22]} Bxf3 {[%clk 00:01:54]} {[%emt 00:00:03]} 15.
Qxf3 {[%clk 00:01:49]} Rad8 {[%clk 00:01:54]} {[%emt 00:00:02]} 16. c4 {[%clk
00:01:44]} {[%emt 00:00:07]} b6 {[%clk 00:01:27]} {[%emt 00:00:30]} 17. Be3
{[%clk 00:01:30]} {[%emt 00:00:15]} Rd6 {[%clk 00:01:24]} {[%emt 00:00:05]} 18.
Reb1 {[%clk 00:01:25]} {[%emt 00:00:07]} g6 {[%clk 00:01:16]} {[%emt 00:00:10]}
19. a4 {[%clk 00:01:16]} {[%emt 00:00:11]} Nh5 {[%clk 00:01:03]} {[%emt
00:00:15]} 20. Qg3 {[%clk 00:00:59]} {[%emt 00:00:19]} Nxg3 {[%clk 00:03:02]}
{[%emt 00:00:07]} 0-1

[Event "Turniej Blitza na II Lidze Juniorów 2018"]
[Site "Szczyrk, Poland"]
[Date "????.??.??"]
[Round "4.59"]
[White "Krzanowska, Liliana"]
[Black "Kebel, Bartosz"]
[Result "0-1"]
[TimeControl "3'+2\""]
[WhiteElo "1102"]
[BlackElo "1283"]

1. Nf3 {[%clk 00:03:03]} Nf6 {[%clk 00:03:01]} {[%emt 00:00:04]} 2. d4 {[%clk
00:03:03]} {[%emt 00:00:01]} d5 {[%clk 00:03:01]} {[%emt 00:00:02]} 3. c4
{[%clk 00:03:04]} {[%emt 00:00:02]} c6 {[%clk 00:03:02]} {[%emt 00:00:01]} 4.
e3 {[%clk 00:03:04]} {[%emt 00:00:02]} e6 {[%clk 00:03:02]} 5. Nc3 {[%clk
00:03:05]} {[%emt 00:00:02]} Nbd7 {[%clk 00:03:03]} {[%emt 00:00:01]} 6. Bd3
{[%clk 00:03:02]} {[%emt 00:00:04]} Be7 {[%clk 00:03:04]} {[%emt 00:00:02]} 7.
Qc2 {[%clk 00:03:03]} {[%emt 00:00:01]} O-O {[%clk 00:03:03]} {[%emt 00:00:02]}
8. O-O {[%clk 00:03:02]} {[%emt 00:00:04]} c5 {[%clk 00:03:04]} {[%emt
00:00:01]} 9. cxd5 {[%clk 00:03:01]} {[%emt 00:00:03]} exd5 {[%clk 00:03:03]}
{[%emt 00:00:04]} 10. Ng5 {[%clk 00:02:55]} {[%emt 00:00:07]} h6 {[%clk
00:03:01]} {[%emt 00:00:05]} 11. Nf3 {[%clk 00:02:48]} {[%emt 00:00:08]} cxd4
{[%clk 00:02:55]} {[%emt 00:00:08]} 12. Nxd4 {[%clk 00:02:44]} {[%emt
00:00:06]} Nc5 {[%clk 00:02:53]} {[%emt 00:00:04]} 13. b4 {[%clk 00:02:34]}
{[%emt 00:00:12]} Nxd3 {[%clk 00:02:52]} {[%emt 00:00:03]} 14. Qxd3 {[%clk
00:02:33]} {[%emt 00:00:03]} Bxb4 {[%clk 00:02:52]} {[%emt 00:00:02]} 15. Rb1
{[%clk 00:02:32]} {[%emt 00:00:04]} Bxc3 {[%clk 00:02:49]} {[%emt 00:00:04]} 16.
Qxc3 {[%clk 00:02:31]} {[%emt 00:00:02]} Ne4 {[%clk 00:02:48]} {[%emt
00:00:03]} 17. Qd3 {[%clk 00:02:29]} {[%emt 00:00:04]} Bf5 {[%clk 00:02:48]}
{[%emt 00:00:02]} 18. Qb3 {[%clk 00:01:54]} {[%emt 00:00:37]} Nc5 {[%clk
00:02:40]} {[%emt 00:00:10]} 19. Qc3 {[%clk 00:01:52]} {[%emt 00:00:04]} Bxb1
{[%clk 00:02:40]} {[%emt 00:00:03]} 20. Qxc5 {[%clk 00:01:52]} {[%emt
00:00:01]} Bxa2 {[%clk 00:02:41]} {[%emt 00:00:02]} 21. Qb4 {[%clk 00:01:29]}
{[%emt 00:00:25]} Qc7 {[%clk 00:02:32]} {[%emt 00:00:10]} 22. Qb2 {[%clk
00:01:28]} {[%emt 00:00:04]} Bc4 {[%clk 00:02:32]} {[%emt 00:00:02]} 23. Rd1
{[%clk 00:01:20]} {[%emt 00:00:10]} Qb6 {[%clk 00:02:26]} {[%emt 00:00:08]} 24.
Qc2 {[%clk 00:01:07]} {[%emt 00:00:15]} a5 {[%clk 00:02:20]} {[%emt 00:00:08]}
25. Qa4 {[%clk 00:00:45]} {[%emt 00:00:24]} Qc7 {[%clk 00:02:20]} {[%emt
00:00:01]} 26. Ba3 {[%clk 00:00:36]} {[%emt 00:00:12]} b5 {[%clk 00:02:21]} 27.
Nxb5 {[%clk 00:00:14]} {[%emt 00:00:24]} Qc6 {[%clk 00:02:18]} {[%emt
00:00:03]} 28. Bxf8 {[%clk 00:00:10]} {[%emt 00:00:07]} Bxb5 {[%clk 00:02:18]}
{[%emt 00:00:02]} 29. Qa3 {[%clk 00:00:07]} {[%emt 00:00:06]} Rxf8 {[%clk
00:02:18]} {[%emt 00:00:03]} 30. Rc1 {[%clk 00:00:07]} {[%emt 00:00:01]} Qa6
{[%clk 00:02:16]} {[%emt 00:00:04]} 31. h3 {[%clk 00:00:06]} {[%emt 00:00:03]}
a4 {[%clk 00:02:16]} {[%emt 00:00:02]} 32. Qa1 {[%clk 00:00:05]} {[%emt
00:00:02]} a3 {[%clk 00:02:17]} {[%emt 00:00:02]} 33. Rc5 {[%clk 00:00:03]}
{[%emt 00:00:04]} Bc4 {[%clk 00:02:14]} {[%emt 00:00:05]} 34. Kh2 {[%clk
00:00:04]} {[%emt 00:00:01]} Qd6+ {[%clk 00:02:14]} {[%emt 00:00:02]} 35. Kg1
{[%emt 00:00:03]} Qxc5 {[%emt 00:00:11]} 0-1